|
|
|
|
| LEADER |
01338nam a22003614a 4500 |
| 001 |
EBC3002198 |
| 003 |
MiAaPQ |
| 005 |
20200520144314.0 |
| 006 |
m o d | |
| 007 |
cr cn||||||||| |
| 008 |
000411s2001 enka sb 000 0 eng |
| 010 |
|
|
|z 00039393
|
| 020 |
|
|
|z 0566083124
|
| 035 |
|
|
|a (MiAaPQ)EBC3002198
|
| 035 |
|
|
|a (Au-PeEL)EBL3002198
|
| 035 |
|
|
|a (CaPaEBR)ebr10047972
|
| 035 |
|
|
|a (OCoLC)923568901
|
| 040 |
|
|
|a MiAaPQ
|c MiAaPQ
|d MiAaPQ
|
| 050 |
|
4 |
|a HF5549.5.M5
|b M37 2001
|
| 082 |
0 |
4 |
|a 658.3/008
|2 21
|
| 100 |
1 |
|
|a Martin, Joyce,
|d 1951-
|
| 245 |
1 |
0 |
|a Profiting from multiple intelligences in the workplace
|h [electronic resource] /
|c Joyce Martin.
|
| 260 |
|
|
|a Aldershot, England ;
|a Burlington, Vt. :
|b Gower,
|c c2001.
|
| 300 |
|
|
|a vii, 237 p. :
|b ill.
|
| 504 |
|
|
|a Includes bibliographical references (p. [229]-237).
|
| 533 |
|
|
|a Electronic reproduction. Ann Arbor, MI : ProQuest, 2015. Available via World Wide Web. Access may be limited to ProQuest affiliated libraries.
|
| 650 |
|
0 |
|a Diversity in the workplace.
|
| 650 |
|
0 |
|a Knowledge management.
|
| 650 |
|
0 |
|a Organizational learning.
|
| 650 |
|
0 |
|a Creative ability in business.
|
| 655 |
|
4 |
|a Electronic books.
|
| 710 |
2 |
|
|a ProQuest (Firm)
|
| 856 |
4 |
0 |
|u https://ebookcentral.proquest.com/lib/matrademy/detail.action?docID=3002198
|z Click to View
|